| 000 | 01249nam a2200313 a 4500 | ||
|---|---|---|---|
| 001 | BRL_224 | ||
| 005 | 20190320210637.0 | ||
| 008 | 930617s1993 u--ab####b---s000-0#eng-# | ||
| 020 | _a0930741293 | ||
| 041 | _aeng | ||
| 044 | _au | ||
| 050 | 4 |
_aF3430.1.M6 _b.A48 1993 |
|
| 100 | 1 |
_aAlva, Walter _923281 |
|
| 245 | 1 | 0 |
_aRoyal tombs of Sipán _cWalter Alva, Christopher B. Donnan. |
| 260 |
_aEstados Unidos _bFowler Museum of Cultural History, University of California _cc1993 |
||
| 300 |
_a229 p. _bil. (algunas a color), mapas _c28 cm. |
||
| 500 | _aIncluye índice de imágenes | ||
| 500 | _aCatálogo de la exposición realizada en Fowler Museum of Cultural History, University of California, Los Angeles, the Museum of Fine Arts, Houston, American Museum of Natural History, New York and others. | ||
| 500 | _aAu299 | ||
| 504 | _aBibliografía: p. 228 | ||
| 650 | 1 | 4 |
_aIndígenas mochica _xAntigüedades _923282 |
| 650 | 1 | 4 |
_aIndígenas mochica _xReyes y gobernantes _923283 |
| 650 | 1 | 4 |
_aOrfebrería mochica _vExposiciones _923284 |
| 651 | 4 |
_aHuaca Rajada, Sipán (Perú) _xExposiciones _923285 |
|
| 651 | 4 |
_aSipán (Perú) _xAntigüedades _923286 |
|
| 700 | 1 |
_aDonnan, Christopher B. _ecoaut. _923287 |
|
| 902 | _aGRL | ||
| 942 |
_2lcc _cB |
||
| 999 |
_c9037 _d9037 |
||